[Event "2024 US National High School (K-12) Championship"]
[Site "Baltimore, Maryland, United States"]
[Date "2024.04.07"]
[Round "6.1"]
[White "Yesuntumur, Tugstumur"]
[Black "Wang, Jason"]
[Result "0-1"]
[TimeControl "G/90; d10"]
[WhiteTitle "FM"]
[BlackTitle "IM"]
[WhiteFideId "4902521"]
[BlackFideId "30908124"]
[WhiteElo "2478"]
[BlackElo "2563"]

1. d4 {[%clk 01:30:00]} {[%emt 00:00:03]} d5 {[%clk 01:30:00]} {[%emt
00:00:08]} 2. Nf3 {[%clk 01:30:00]} {[%emt 00:00:10]} Nf6 {[%clk 01:30:00]}
{[%emt 00:00:07]} 3. c4 {[%clk 01:30:00]} {[%emt 00:00:10]} e6 {[%clk
01:30:00]} {[%emt 00:00:06]} 4. g3 {[%clk 01:28:08]} {[%emt 00:01:39]} dxc4
{[%clk 01:29:47]} {[%emt 00:00:23]} 5. Bg2 {[%clk 01:28:08]} {[%emt 00:00:06]}
Bd7 {[%clk 01:29:12]} {[%emt 00:00:45]} 6. Ne5 {[%clk 01:23:51]} {[%emt
00:04:27]} Bc6 {[%clk 01:29:03]} {[%emt 00:00:19]} 7. Nxc6 {[%clk 01:23:51]}
{[%emt 00:00:06]} Nxc6 {[%clk 01:29:03]} {[%emt 00:00:03]} 8. O-O {[%clk
01:21:34]} {[%emt 00:02:27]} Qd7 {[%clk 01:28:52]} {[%emt 00:00:21]} 9. e3
{[%clk 01:20:05]} {[%emt 00:01:39]} Rd8 {[%clk 01:28:52]} {[%emt 00:00:04]} 10.
Nc3 {[%clk 01:11:19]} {[%emt 00:08:57]} e5 {[%clk 01:20:56]} {[%emt 00:08:06]}
11. Qe2 {[%clk 01:05:32]} {[%emt 00:05:56]} Be7 {[%clk 01:10:54]} {[%emt
00:10:12]} 12. Rd1 {[%clk 00:47:51]} {[%emt 00:17:53]} exd4 {[%clk 01:08:13]}
{[%emt 00:02:50]} 13. Qxc4 {[%clk 00:44:04]} {[%emt 00:03:57]} d3 {[%clk
00:54:13]} {[%emt 00:14:09]} 14. Qb5 {[%clk 00:42:36]} {[%emt 00:01:39]} O-O
{[%clk 00:49:21]} {[%emt 00:05:01]} 15. Qxb7 {[%clk 00:40:30]} {[%emt
00:02:17]} Ne5 {[%clk 00:49:17]} {[%emt 00:00:14]} 16. f4 {[%clk 00:40:12]}
{[%emt 00:00:27]} Nc4 {[%clk 00:44:01]} {[%emt 00:05:26]} 17. b3 {[%clk
00:37:14]} {[%emt 00:03:09]} Nb6 {[%clk 00:42:11]} {[%emt 00:01:59]} 18. Bf1
{[%clk 00:31:37]} {[%emt 00:05:47]} Bb4 {[%clk 00:37:05]} {[%emt 00:05:16]} 19.
Ne4 {[%clk 00:19:46]} {[%emt 00:12:01]} Qe7 {[%clk 00:34:08]} {[%emt 00:03:08]}
20. Nxf6+ {[%clk 00:17:45]} {[%emt 00:02:11]} Qxf6 {[%clk 00:34:08]} {[%emt
00:00:04]} 21. Rb1 {[%clk 00:17:45]} {[%emt 00:00:02]} d2 {[%clk 00:33:07]}
{[%emt 00:01:10]} 22. Bb2 {[%clk 00:17:45]} {[%emt 00:00:03]} Bc3 {[%clk
00:32:04]} {[%emt 00:01:13]} 23. Ba3 {[%clk 00:14:03]} {[%emt 00:03:52]} Rfe8
{[%clk 00:29:42]} {[%emt 00:02:31]} 24. Bc5 {[%clk 00:13:59]} {[%emt 00:00:15]}
Qf5 {[%clk 00:25:00]} {[%emt 00:04:51]} 25. b4 {[%clk 00:13:44]} {[%emt
00:00:26]} Na4 {[%clk 00:24:53]} {[%emt 00:00:17]} 26. Bb5 {[%clk 00:10:00]}
{[%emt 00:03:55]} Nxc5 {[%clk 00:23:31]} {[%emt 00:01:32]} 27. bxc5 {[%clk
00:10:00]} {[%emt 00:00:03]} Rxe3 {[%clk 00:20:58]} {[%emt 00:02:43]} 28. Qxc7
{[%clk 00:10:00]} {[%emt 00:00:02]} Qd5 {[%clk 00:19:34]} {[%emt 00:01:34]} 29.
Bc6 {[%clk 00:07:02]} {[%emt 00:03:08]} Re1+ {[%clk 00:16:43]} {[%emt
00:03:00]} 30. Rxe1 {[%clk 00:07:02]} {[%emt 00:00:03]} dxe1=Q+ {[%clk
00:16:42]} {[%emt 00:00:11]} 31. Rxe1 {[%clk 00:07:02]} {[%emt 00:00:01]} Qd4+
{[%clk 00:16:42]} {[%emt 00:00:07]} 0-1

[Event "2024 US National High School (K-12) Championship"]
[Site "Baltimore, Maryland, United States"]
[Date "2024.04.07"]
[Round "6.2"]
[White "Underwood, Toshinori"]
[Black "Hardaway, Brewington"]
[Result "0-1"]
[TimeControl "G/90; d10"]
[BlackTitle "FM"]
[WhiteFideId "30941555"]
[BlackFideId "30941849"]
[WhiteElo "2257"]
[BlackElo "2525"]

1. e4 {[%clk 01:30:00]} {[%emt 00:00:04]} c6 {[%clk 01:29:35]} {[%emt
00:00:54]} 2. d4 {[%clk 01:29:50]} {[%emt 00:00:14]} g6 {[%clk 01:28:20]}
{[%emt 00:01:10]} 3. f4 {[%clk 01:25:57]} {[%emt 00:04:03]} d5 {[%clk
01:27:49]} {[%emt 00:00:42]} 4. e5 {[%clk 01:25:52]} {[%emt 00:00:16]} h5
{[%clk 01:23:52]} {[%emt 00:04:07]} 5. Nf3 {[%clk 01:23:49]} {[%emt 00:02:12]}
Bg4 {[%clk 01:20:43]} {[%emt 00:03:19]} 6. c3 {[%clk 01:15:03]} {[%emt
00:08:56]} Bxf3 {[%clk 01:18:43]} {[%emt 00:02:09]} 7. Qxf3 {[%clk 01:14:54]}
{[%emt 00:00:19]} e6 {[%clk 01:18:43]} {[%emt 00:00:02]} 8. Nd2 {[%clk
01:12:40]} {[%emt 00:02:24]} Qb6 {[%clk 01:17:01]} {[%emt 00:01:53]} 9. Qd3
{[%clk 01:09:50]} {[%emt 00:02:59]} Nh6 {[%clk 01:16:00]} {[%emt 00:01:12]} 10.
Nf3 {[%clk 01:09:07]} {[%emt 00:00:53]} Nf5 {[%clk 01:13:02]} {[%emt 00:03:07]}
11. Rb1 {[%clk 01:01:22]} {[%emt 00:07:55]} c5 {[%clk 01:06:26]} {[%emt
00:06:46]} 12. Qb5+ {[%clk 00:58:05]} {[%emt 00:03:27]} Nc6 {[%clk 01:06:26]}
{[%emt 00:00:05]} 13. dxc5 {[%clk 00:58:05]} {[%emt 00:00:05]} Bxc5 {[%clk
01:06:13]} {[%emt 00:00:23]} 14. Qxb6 {[%clk 00:58:01]} {[%emt 00:00:13]} Bxb6
{[%clk 01:06:13]} {[%emt 00:00:05]} 15. Bd3 {[%clk 00:56:42]} {[%emt 00:01:29]}
Nce7 {[%clk 01:03:55]} {[%emt 00:02:29]} 16. Bb5+ {[%clk 00:56:14]} {[%emt
00:00:37]} Kf8 {[%clk 01:03:32]} {[%emt 00:00:32]} 17. Ke2 {[%clk 00:53:51]}
{[%emt 00:02:34]} Kg7 {[%clk 01:03:01]} {[%emt 00:00:42]} 18. Rd1 {[%clk
00:53:19]} {[%emt 00:00:42]} Rac8 {[%clk 01:00:49]} {[%emt 00:02:21]} 19. Bd3
{[%clk 00:52:02]} {[%emt 00:01:28]} Rc7 {[%clk 00:58:32]} {[%emt 00:02:27]} 20.
Bd2 {[%clk 00:49:20]} {[%emt 00:02:52]} Rhc8 {[%clk 00:55:38]} {[%emt
00:03:04]} 21. Rdc1 {[%clk 00:47:33]} {[%emt 00:01:56]} Nh6 {[%clk 00:49:49]}
{[%emt 00:05:59]} 22. Be3 {[%clk 00:32:55]} {[%emt 00:14:48]} Bxe3 {[%clk
00:49:32]} {[%emt 00:00:27]} 23. Kxe3 {[%clk 00:32:55]} {[%emt 00:00:10]} Nc6
{[%clk 00:49:32]} {[%emt 00:00:03]} 24. Rd1 {[%clk 00:30:59]} {[%emt 00:02:05]}
Na5 {[%clk 00:49:08]} {[%emt 00:00:36]} 25. Ke2 {[%clk 00:29:31]} {[%emt
00:01:37]} Nc4 {[%clk 00:48:42]} {[%emt 00:00:36]} 26. g3 {[%clk 00:27:24]}
{[%emt 00:02:17]} a6 {[%clk 00:48:14]} {[%emt 00:00:39]} 27. Bxc4 {[%clk
00:24:15]} {[%emt 00:03:19]} Rxc4 {[%clk 00:48:14]} {[%emt 00:00:09]} 28. Rd4
{[%clk 00:24:00]} {[%emt 00:00:25]} R4c6 {[%clk 00:47:51]} {[%emt 00:00:33]} 29.
Rb4 {[%clk 00:23:14]} {[%emt 00:00:55]} R6c7 {[%clk 00:45:06]} {[%emt
00:02:57]} 30. Rd1 {[%clk 00:22:49]} {[%emt 00:00:35]} Nf5 {[%clk 00:43:38]}
{[%emt 00:01:38]} 31. Nd4 {[%clk 00:21:53]} {[%emt 00:01:04]} Ne7 {[%clk
00:43:26]} {[%emt 00:00:22]} 32. Rb6 {[%clk 00:17:26]} {[%emt 00:04:37]} Kf8
{[%clk 00:42:41]} {[%emt 00:00:56]} 33. Ra1 {[%clk 00:16:56]} {[%emt 00:00:39]}
Ke8 {[%clk 00:40:54]} {[%emt 00:01:57]} 34. Rb4 {[%clk 00:16:02]} {[%emt
00:01:04]} Kd7 {[%clk 00:39:59]} {[%emt 00:01:05]} 35. Kd3 {[%clk 00:12:54]}
{[%emt 00:03:18]} Rg8 {[%clk 00:34:57]} {[%emt 00:05:14]} 36. h4 {[%clk
00:12:36]} {[%emt 00:00:27]} Nf5 {[%clk 00:29:42]} {[%emt 00:05:25]} 37. Rg1
{[%clk 00:12:15]} {[%emt 00:00:31]} Nh6 {[%clk 00:29:29]} {[%emt 00:00:23]} 38.
Ke2 {[%clk 00:12:05]} {[%emt 00:00:20]} Kc8 {[%clk 00:27:23]} {[%emt 00:02:16]}
39. Nc2 {[%clk 00:08:59]} {[%emt 00:03:14]} Kb8 {[%clk 00:25:31]} {[%emt
00:02:04]} 40. Ne3 {[%clk 00:08:55]} {[%emt 00:00:14]} Rgc8 {[%clk 00:25:05]}
{[%emt 00:00:36]} 41. Rd1 {[%clk 00:08:16]} {[%emt 00:00:49]} Ng8 {[%clk
00:24:53]} {[%emt 00:00:23]} 42. Nc2 {[%clk 00:07:44]} {[%emt 00:00:41]} Ne7
{[%clk 00:24:39]} {[%emt 00:00:23]} 43. Nd4 {[%clk 00:07:44]} {[%emt 00:00:07]}
Ka7 {[%clk 00:24:39]} {[%emt 00:00:03]} 44. Ke3 {[%clk 00:04:49]} {[%emt
00:03:05]} Nc6 {[%clk 00:21:01]} {[%emt 00:03:49]} 45. Ra4 {[%clk 00:04:42]}
{[%emt 00:00:17]} Kb6 {[%clk 00:20:31]} {[%emt 00:00:40]} 46. Nxc6 {[%clk
00:04:42]} {[%emt 00:00:01]} Rxc6 {[%clk 00:19:49]} {[%emt 00:00:50]} 47. Rb4+
{[%clk 00:04:42]} {[%emt 00:00:06]} Ka7 {[%clk 00:19:49]} {[%emt 00:00:04]} 48.
Rdd4 {[%clk 00:04:35]} {[%emt 00:00:17]} a5 {[%clk 00:19:29]} {[%emt 00:00:31]}
49. Ra4 {[%clk 00:04:30]} {[%emt 00:00:14]} Ka6 {[%clk 00:19:29]} {[%emt
00:00:10]} 50. Rd2 {[%clk 00:04:04]} {[%emt 00:00:35]} b5 {[%clk 00:19:11]}
{[%emt 00:00:28]} 51. Rad4 {[%clk 00:04:04]} {[%emt 00:00:01]} Rb8 {[%clk
00:18:24]} {[%emt 00:00:57]} 52. Kd3 {[%clk 00:04:01]} {[%emt 00:00:13]} Rbc8
{[%clk 00:16:52]} {[%emt 00:01:42]} 53. Rc2 {[%clk 00:03:02]} {[%emt 00:01:09]}
Kb6 {[%clk 00:15:57]} {[%emt 00:01:05]} 54. b3 {[%clk 00:02:45]} {[%emt
00:00:27]} Rc5 {[%clk 00:15:35]} {[%emt 00:00:32]} 55. a3 {[%clk 00:01:59]}
{[%emt 00:00:57]} R5c7 {[%clk 00:15:02]} {[%emt 00:00:42]} 56. Rc1 {[%clk
00:01:59]} {[%emt 00:00:11]} Ra8 {[%clk 00:14:56]} {[%emt 00:00:16]} 57. Rc2
{[%clk 00:01:41]} {[%emt 00:00:27]} Rac8 {[%clk 00:13:26]} {[%emt 00:01:40]} 58.
Rc1 {[%clk 00:01:41]} {[%emt 00:00:02]} Ka6 {[%clk 00:12:54]} {[%emt 00:00:42]}
59. Rc2 {[%clk 00:01:41]} {[%emt 00:00:04]} Rc6 {[%clk 00:12:00]} {[%emt
00:01:04]} 60. Rc1 {[%clk 00:01:41]} {[%emt 00:00:06]} Kb7 {[%clk 00:11:42]}
{[%emt 00:00:27]} 61. Kd2 {[%clk 00:01:24]} {[%emt 00:00:28]} Kc7 {[%clk
00:10:26]} {[%emt 00:01:26]} 62. Re1 {[%clk 00:01:24]} {[%emt 00:00:07]} Rb8
{[%clk 00:10:03]} {[%emt 00:00:32]} 63. Rc1 {[%clk 00:01:00]} {[%emt 00:00:35]}
Kd7 {[%clk 00:09:46]} {[%emt 00:00:27]} 64. Re1 {[%clk 00:00:50]} {[%emt
00:00:21]} Ke7 {[%clk 00:09:40]} {[%emt 00:00:16]} 65. Re3 {[%clk 00:00:50]}
{[%emt 00:00:06]} Rbc8 {[%clk 00:08:19]} {[%emt 00:01:32]} 66. Red3 {[%clk
00:00:46]} {[%emt 00:00:14]} Rc5 {[%clk 00:07:41]} {[%emt 00:00:47]} 67. Re3
{[%clk 00:00:46]} {[%emt 00:00:03]} Rb8 {[%clk 00:07:39]} {[%emt 00:00:12]} 68.
Red3 {[%clk 00:00:46]} {[%emt 00:00:03]} Rc7 {[%clk 00:07:36]} {[%emt
00:00:13]} 69. Re3 {[%clk 00:00:46]} {[%emt 00:00:01]} Kd7 {[%clk 00:06:41]}
{[%emt 00:01:05]} 70. Re1 {[%clk 00:00:46]} {[%emt 00:00:06]} Rc6 {[%clk
00:05:56]} {[%emt 00:00:55]} 71. Rc1 {[%clk 00:00:45]} {[%emt 00:00:11]} Ke7
{[%clk 00:05:24]} {[%emt 00:00:43]} 72. Re1 {[%clk 00:00:45]} {[%emt 00:00:09]}
Ra8 {[%clk 00:05:10]} {[%emt 00:00:25]} 73. Rc1 {[%clk 00:00:45]} {[%emt
00:00:05]} Rb6 {[%clk 00:04:53]} {[%emt 00:00:27]} 74. Rc2 {[%clk 00:00:45]}
{[%emt 00:00:05]} f6 {[%clk 00:04:44]} {[%emt 00:00:20]} 75. Rc1 {[%clk
00:00:22]} {[%emt 00:00:32]} fxe5 {[%clk 00:04:44]} {[%emt 00:00:04]} 76. fxe5
{[%clk 00:00:22]} Rf8 {[%clk 00:04:38]} {[%emt 00:00:15]} 77. Rf4 {[%clk
00:00:22]} {[%emt 00:00:03]} Rf5 {[%clk 00:04:38]} {[%emt 00:00:09]} 78. Rxf5
{[%clk 00:00:22]} {[%emt 00:00:04]} gxf5 {[%clk 00:04:38]} {[%emt 00:00:01]} 79.
Ke3 {[%clk 00:00:22]} {[%emt 00:00:02]} Rb8 {[%clk 00:04:38]} {[%emt 00:00:06]}
80. Kf3 {[%clk 00:00:22]} {[%emt 00:00:10]} Rc8 {[%clk 00:04:38]} {[%emt
00:00:04]} 81. Ke3 {[%clk 00:00:22]} {[%emt 00:00:05]} Rg8 {[%clk 00:04:19]}
{[%emt 00:00:29]} 82. Kf3 {[%clk 00:00:22]} {[%emt 00:00:01]} Rg4 {[%clk
00:04:19]} {[%emt 00:00:03]} 83. Re1 {[%clk 00:00:22]} {[%emt 00:00:03]} Kd7
{[%clk 00:03:57]} {[%emt 00:00:32]} 84. Re2 {[%clk 00:00:22]} {[%emt 00:00:05]}
Kc6 {[%clk 00:03:57]} {[%emt 00:00:07]} 85. Rd2 {[%clk 00:00:22]} {[%emt
00:00:06]} Re4 {[%clk 00:03:57]} {[%emt 00:00:05]} 86. Re2 {[%clk 00:00:22]}
Rg4 {[%clk 00:03:08]} {[%emt 00:00:59]} 87. Rd2 {[%clk 00:00:22]} Kc5 {[%clk
00:02:30]} {[%emt 00:00:48]} 88. Rd3 {[%clk 00:00:22]} {[%emt 00:00:08]} Re4
{[%clk 00:02:30]} {[%emt 00:00:09]} 89. Re3 {[%clk 00:00:22]} {[%emt 00:00:02]}
a4 {[%clk 00:02:29]} {[%emt 00:00:11]} 90. bxa4 {[%clk 00:00:22]} {[%emt
00:00:01]} bxa4 {[%clk 00:02:29]} 91. Ke2 {[%clk 00:00:22]} {[%emt 00:00:04]}
Kc4 {[%clk 00:02:29]} {[%emt 00:00:05]} 92. Rxe4+ {[%clk 00:00:22]} {[%emt
00:00:02]} dxe4 {[%clk 00:02:29]} {[%emt 00:00:01]} 93. Kd2 {[%clk 00:00:22]}
Kb3 {[%clk 00:02:29]} {[%emt 00:00:09]} 0-1

[Event "2024 US National High School (K-12) Championship"]
[Site "Baltimore, Maryland, United States"]
[Date "2024.04.07"]
[Round "6.3"]
[White "Deviprasath, Sharvesh R"]
[Black "Lee, Jayden H"]
[Result "1-0"]
[TimeControl "G/90; d10"]
[WhiteTitle "FM"]
[WhiteFideId "30938228"]
[BlackFideId "30939011"]
[WhiteElo "2496"]
[BlackElo "2249"]

1. Nf3 {[%clk 01:28:53]} {[%emt 00:01:16]} Nf6 {[%clk 01:30:00]} {[%emt
00:00:10]} 2. g3 {[%clk 01:28:53]} {[%emt 00:00:07]} g6 {[%clk 01:29:59]}
{[%emt 00:00:11]} 3. b3 {[%clk 01:28:53]} {[%emt 00:00:04]} Bg7 {[%clk
01:29:21]} {[%emt 00:00:47]} 4. Bb2 {[%clk 01:28:53]} {[%emt 00:00:04]} O-O
{[%clk 01:29:21]} {[%emt 00:00:07]} 5. Bg2 {[%clk 01:28:53]} {[%emt 00:00:01]}
b6 {[%clk 01:29:05]} {[%emt 00:00:28]} 6. O-O {[%clk 01:28:53]} {[%emt
00:00:07]} Bb7 {[%clk 01:28:49]} {[%emt 00:00:28]} 7. d3 {[%clk 01:27:07]}
{[%emt 00:01:55]} c5 {[%clk 01:27:03]} {[%emt 00:01:57]} 8. Nbd2 {[%clk
01:27:04]} {[%emt 00:00:13]} d5 {[%clk 01:24:56]} {[%emt 00:02:17]} 9. e3
{[%clk 01:24:34]} {[%emt 00:02:39]} Nbd7 {[%clk 01:12:30]} {[%emt 00:12:36]} 10.
Qe2 {[%clk 01:21:58]} {[%emt 00:02:45]} Re8 {[%clk 01:06:35]} {[%emt 00:06:07]}
11. Rab1 {[%clk 01:19:07]} {[%emt 00:03:00]} Qc7 {[%clk 01:00:24]} {[%emt
00:06:21]} 12. e4 {[%clk 01:15:56]} {[%emt 00:03:21]} e5 {[%clk 00:52:55]}
{[%emt 00:07:39]} 13. Rfe1 {[%clk 01:13:35]} {[%emt 00:02:30]} d4 {[%clk
00:51:04]} {[%emt 00:02:02]} 14. Nh4 {[%clk 01:13:17]} {[%emt 00:00:28]} Nf8
{[%clk 00:49:27]} {[%emt 00:01:48]} 15. Rf1 {[%clk 01:12:25]} {[%emt 00:01:00]}
Ne6 {[%clk 00:47:35]} {[%emt 00:02:02]} 16. Bc1 {[%clk 01:11:46]} {[%emt
00:00:49]} b5 {[%clk 00:47:04]} {[%emt 00:00:43]} 17. Ndf3 {[%clk 01:07:34]}
{[%emt 00:04:20]} Nd7 {[%clk 00:38:33]} {[%emt 00:08:43]} 18. Bh3 {[%clk
01:06:39]} {[%emt 00:01:03]} c4 {[%clk 00:36:20]} {[%emt 00:02:25]} 19. Ne1
{[%clk 01:04:47]} {[%emt 00:01:59]} Qc6 {[%clk 00:21:36]} {[%emt 00:14:55]} 20.
bxc4 {[%clk 01:01:32]} {[%emt 00:03:26]} bxc4 {[%emt 00:00:28]} 21. f4 {[%clk
01:01:32]} Nec5 {[%clk 00:17:55]} {[%emt 00:03:43]} 22. f5 {[%clk 00:59:57]}
{[%emt 00:01:45]} Rab8 {[%clk 00:10:36]} {[%emt 00:07:29]} 23. Rf2 {[%clk
00:58:34]} {[%emt 00:01:33]} Ba6 {[%clk 00:09:40]} {[%emt 00:01:06]} 24. Rxb8
{[%clk 00:57:13]} {[%emt 00:01:30]} Rxb8 {[%clk 00:09:40]} {[%emt 00:00:07]} 25.
Bg5 {[%clk 00:57:13]} {[%emt 00:00:07]} cxd3 {[%clk 00:09:09]} {[%emt
00:00:41]} 26. cxd3 {[%clk 00:56:33]} {[%emt 00:00:51]} Rb1 {[%clk 00:08:20]}
{[%emt 00:00:58]} 27. Rf1 {[%clk 00:56:11]} {[%emt 00:00:32]} Nf6 {[%clk
00:03:39]} {[%emt 00:04:52]} 28. fxg6 {[%clk 00:55:42]} {[%emt 00:00:39]} hxg6
{[%clk 00:03:36]} {[%emt 00:00:13]} 29. Qf3 {[%clk 00:55:42]} {[%emt 00:00:01]}
Ncxe4 {[%clk 00:01:36]} {[%emt 00:02:10]} 30. Bxf6 {[%clk 00:54:46]} {[%emt
00:01:06]} Bxf6 {[%clk 00:01:36]} {[%emt 00:00:07]} 31. Bg2 {[%clk 00:54:41]}
{[%emt 00:00:15]} Qc1 {[%clk 00:00:37]} {[%emt 00:01:09]} 32. Qxe4 {[%clk
00:54:41]} {[%emt 00:00:09]} Bb7 {[%clk 00:00:37]} {[%emt 00:00:03]} 33. Qxb7
{[%clk 00:50:57]} {[%emt 00:03:53]} Rxb7 {[%clk 00:00:28]} {[%emt 00:00:20]} 34.
Bxb7 {[%clk 00:50:57]} {[%emt 00:00:02]} Bxh4 {[%clk 00:00:28]} {[%emt
00:00:07]} 35. gxh4 {[%clk 00:50:57]} {[%emt 00:00:02]} Kg7 {[%clk 00:00:27]}
{[%emt 00:00:11]} 36. Ng2 {[%clk 00:50:43]} {[%emt 00:00:24]} Qd2 {[%clk
00:00:23]} {[%emt 00:00:13]} 37. Ba6 {[%clk 00:50:19]} {[%emt 00:00:35]} f5
{[%clk 00:00:23]} {[%emt 00:00:10]} 38. h5 {[%clk 00:50:19]} {[%emt 00:00:01]}
f4 {[%clk 00:00:20]} {[%emt 00:00:13]} 39. hxg6 {[%clk 00:48:48]} {[%emt
00:01:41]} Qe2 {[%clk 00:00:17]} {[%emt 00:00:13]} 40. Ne1 {[%clk 00:48:21]}
{[%emt 00:00:36]} e4 {[%clk 00:00:12]} {[%emt 00:00:16]} 41. Ng2 {[%clk
00:48:05]} {[%emt 00:00:26]} f3 {[%clk 00:00:12]} {[%emt 00:00:08]} 42. Nh4
{[%clk 00:48:05]} {[%emt 00:00:01]} exd3 {[%clk 00:00:11]} {[%emt 00:00:10]} 43.
Nxf3 {[%clk 00:47:56]} {[%emt 00:00:20]} Qe3+ {[%clk 00:00:11]} {[%emt
00:00:01]} 44. Rf2 {[%clk 00:47:48]} {[%emt 00:00:18]} Kxg6 {[%clk 00:00:11]}
{[%emt 00:00:11]} 45. Kg2 {[%clk 00:47:48]} {[%emt 00:00:05]} Kg7 {[%clk
00:00:11]} {[%emt 00:00:07]} 46. Rd2 {[%clk 00:47:48]} {[%emt 00:00:06]} Kf6
{[%clk 00:00:11]} {[%emt 00:00:07]} 47. Bxd3 {[%clk 00:47:48]} {[%emt
00:00:09]} Qf4 {[%clk 00:00:11]} {[%emt 00:00:09]} 48. Rf2 {[%clk 00:47:19]}
{[%emt 00:00:39]} Qg4+ {[%clk 00:00:11]} {[%emt 00:00:05]} 49. Kf1 {[%clk
00:47:19]} {[%emt 00:00:01]} Ke7 {[%clk 00:00:11]} {[%emt 00:00:07]} 50. h4
{[%clk 00:47:19]} {[%emt 00:00:09]} Kd6 {[%clk 00:00:11]} {[%emt 00:00:04]} 51.
Be2 {[%clk 00:47:06]} {[%emt 00:00:23]} Qh3+ {[%clk 00:00:11]} {[%emt
00:00:05]} 52. Rg2 {[%clk 00:47:06]} {[%emt 00:00:03]} d3 {[%clk 00:00:11]}
{[%emt 00:00:07]} 53. Bd1 {[%clk 00:47:06]} {[%emt 00:00:02]} Qh1+ {[%clk
00:00:11]} {[%emt 00:00:04]} 54. Rg1 {[%clk 00:46:36]} {[%emt 00:00:39]} Qh3+
{[%clk 00:00:11]} {[%emt 00:00:03]} 55. Kf2 {[%clk 00:46:36]} Kd5 {[%clk
00:00:11]} {[%emt 00:00:10]} 56. Bb3+ {[%clk 00:46:01]} {[%emt 00:00:45]} Kc5
{[%clk 00:00:11]} {[%emt 00:00:03]} 57. Rg5+ {[%clk 00:45:42]} {[%emt
00:00:29]} Kb4 {[%clk 00:00:11]} {[%emt 00:00:06]} 58. h5 {[%clk 00:45:42]} d2
{[%clk 00:00:11]} {[%emt 00:00:10]} 59. Rd5 {[%clk 00:45:24]} {[%emt 00:00:28]}
Kc3 {[%clk 00:00:11]} {[%emt 00:00:10]} 60. Nxd2 {[%clk 00:44:56]} {[%emt
00:00:37]} Qh2+ {[%clk 00:00:10]} {[%emt 00:00:11]} 61. Ke3 {[%clk 00:44:56]}
{[%emt 00:00:04]} Qg1 {[%clk 00:00:10]} {[%emt 00:00:06]} 62. Kf4 {[%clk
00:44:56]} {[%emt 00:00:03]} Qf2+ {[%clk 00:00:10]} {[%emt 00:00:06]} 63. Nf3
{[%clk 00:44:56]} {[%emt 00:00:09]} Qb6 {[%clk 00:00:10]} {[%emt 00:00:09]} 64.
Kg5 {[%clk 00:44:37]} {[%emt 00:00:29]} a5 {[%clk 00:00:10]} {[%emt 00:00:08]}
65. h6 {[%clk 00:44:31]} {[%emt 00:00:16]} a4 {[%clk 00:00:10]} {[%emt
00:00:05]} 66. h7 {[%clk 00:44:31]} {[%emt 00:00:03]} Qe3+ {[%clk 00:00:10]}
{[%emt 00:00:08]} 67. Kg4 {[%clk 00:44:31]} {[%emt 00:00:04]} Qe4+ {[%clk
00:00:10]} {[%emt 00:00:03]} 68. Kg3 {[%clk 00:44:04]} {[%emt 00:00:36]} Qxh7
{[%clk 00:00:10]} {[%emt 00:00:03]} 69. Rc5+ {[%clk 00:44:04]} {[%emt
00:00:11]} Kb2 {[%clk 00:00:10]} {[%emt 00:00:07]} 70. Bc4 {[%clk 00:43:32]}
{[%emt 00:00:41]} Qg7+ {[%clk 00:00:10]} {[%emt 00:00:05]} 71. Kf4 {[%clk
00:43:32]} {[%emt 00:00:04]} Qf6+ {[%clk 00:00:10]} {[%emt 00:00:08]} 72. Rf5
{[%clk 00:43:32]} {[%emt 00:00:01]} Qd6+ {[%clk 00:00:10]} {[%emt 00:00:04]} 73.
Re5 {[%clk 00:43:26]} {[%emt 00:00:16]} Ka3 {[%clk 00:00:10]} {[%emt 00:00:10]}
74. Bd5 {[%clk 00:42:56]} {[%emt 00:00:40]} Qb4+ {[%clk 00:00:10]} {[%emt
00:00:04]} 75. Kg3 {[%clk 00:42:53]} {[%emt 00:00:14]} Qc5 {[%clk 00:00:10]}
{[%emt 00:00:09]} 76. Be6 {[%clk 00:42:52]} {[%emt 00:00:12]} Qb6 {[%clk
00:00:10]} {[%emt 00:00:06]} 77. Re4 {[%clk 00:42:20]} {[%emt 00:00:43]} Qc7
{[%clk 00:00:10]} {[%emt 00:00:06]} 78. Ne5 {[%clk 00:42:20]} {[%emt 00:00:02]}
Qc3 {[%clk 00:00:10]} {[%emt 00:00:11]} 79. Kg4 {[%clk 00:42:08]} {[%emt
00:00:22]} Qc7 {[%clk 00:00:09]} {[%emt 00:00:11]} 80. Re3+ {[%clk 00:41:40]}
{[%emt 00:00:38]} Kb2 {[%clk 00:00:04]} {[%emt 00:00:15]} 81. a3 {[%clk
00:41:29]} {[%emt 00:00:22]} Qg7+ {[%clk 00:00:04]} {[%emt 00:00:04]} 82. Kf5
{[%clk 00:40:57]} {[%emt 00:00:42]} Qh7+ {[%clk 00:00:04]} {[%emt 00:00:05]} 83.
Kf6 {[%clk 00:40:57]} Qh6+ {[%clk 00:00:04]} {[%emt 00:00:02]} 84. Ke7 {[%clk
00:40:11]} {[%emt 00:00:57]} Qg5+ {[%clk 00:00:04]} {[%emt 00:00:09]} 85. Kd6
{[%clk 00:40:09]} {[%emt 00:00:12]} Qd8+ {[%clk 00:00:04]} {[%emt 00:00:05]} 86.
Bd7 {[%clk 00:40:09]} {[%emt 00:00:04]} Qb6+ {[%clk 00:00:04]} {[%emt
00:00:07]} 87. Kd5 {[%clk 00:39:54]} {[%emt 00:00:24]} Qa5+ {[%clk 00:00:04]}
{[%emt 00:00:09]} 88. Ke4 {[%clk 00:39:54]} {[%emt 00:00:01]} Qa8+ {[%clk
00:00:04]} {[%emt 00:00:05]} 89. Bc6 {[%clk 00:39:54]} {[%emt 00:00:06]} Qd8
{[%clk 00:00:04]} {[%emt 00:00:10]} 90. Nc4+ {[%clk 00:39:39]} {[%emt
00:00:23]} Kb1 {[%clk 00:00:04]} {[%emt 00:00:10]} 91. Bd5 {[%clk 00:39:23]}
{[%emt 00:00:26]} Kc2 {[%clk 00:00:04]} {[%emt 00:00:06]} 92. Kd4 {[%clk
00:39:23]} {[%emt 00:00:03]} Qh8+ {[%clk 00:00:04]} {[%emt 00:00:04]} 93. Kc5
{[%clk 00:39:23]} {[%emt 00:00:05]} Qc8+ {[%clk 00:00:04]} {[%emt 00:00:09]} 94.
Kb4 {[%clk 00:39:21]} {[%emt 00:00:13]} Qd7 {[%clk 00:00:03]} {[%emt 00:00:10]}
95. Be4+ {[%clk 00:39:01]} 1-0